| 000 | 01072nam a22003017a 4500 | ||
|---|---|---|---|
| 003 | CHAP | ||
| 005 | 20220329134405.0 | ||
| 008 | 971013s1981 r 00010 d | ||
| 010 | _a19828 | ||
| 011 | _a20800 | ||
| 035 | _a24889 | ||
| 040 | _cCHAP | ||
| 090 | _aFolleto 8105 | ||
| 100 | 0 | 0 |
_aAndrade Arias, Enrique. _95637 |
| 245 | _aGuía para cultivar garbanzo blanco de exportación en condiciones de riego en el centro y sur de Guanajuato | ||
| 260 |
_aMéxico, D.F., : _bInstituto Nacional de Investigaciones Agrícolas. Campo Agrícola Experimental El Bajío, _c1981 |
||
| 300 |
_a15 p. _b: ilus |
||
| 490 |
_aFolleto para productos _v; 1 |
||
| 590 |
_aBATCH-UPD _b10 _c20130110 _lUCH01 _h1748 |
||
| 590 |
_aCONVERSION _b10 _c20130109 _lUCH01 _h1312 |
||
| 650 | 1 | 4 |
_aGarbanzo. _945596 |
| 830 | 0 |
_aFolleto para productos _v; 1 _942065 |
|
| 901 | _aBK | ||
| 942 | _cFOLL | ||
| 949 |
_aFolleto 8105 _bBC _cFOLL _d-57453 _eTS1 _i24889 _si |
||
| 949 |
_aFolleto 8105 _bBC _cFOLL _d-57454 _eTS2 _fc.2 _i24889 _si |
||
| 949 |
_aFolleto 8105 _bBC _cFOLL _d-57455 _eTS2 _fc.3 _i24889 _si |
||
| 999 |
_c19828 _d19828 |
||